[Event "BL2-Ost 9900"]
[Site "Germany"]
[Date "2000.03.12"]
[Round "7.3"]
[White "Kraeussling, Andreas"]
[Black "Arnold, Johannes"]
[Result "0-1"]
[WhiteElo "2355"]
[BlackElo "2320"]
[PlyCount "110"]
[EventDate "1999.10.10"]
[EventType "team-tourn"]
[EventRounds "9"]
[EventCountry "GER"]
[SourceTitle "CBM 075 Extra"]
[Source "ChessBase"]
[SourceDate "2000.05.11"]
[SourceVersion "2"]
[SourceVersionDate "2000.05.11"]
[SourceQuality "1"]
[WhiteTeam "Marktheidenfeld"]
[BlackTeam "Wuerzburg"]
[WhiteTeamCountry "GER"]
[BlackTeamCountry "GER"]

1. d4 d5 2. Nf3 Nf6 3. c4 c6 4. Nc3 e6 5. e3 Nbd7 6. Bd3 dxc4 7. Bxc4 b5 8. Bd3 a6 9. e4 c5 10. d5 Qc7 11. dxe6 fxe6 12. 0-0 c4 13. Bc2 Bc5 14. Qe2 Ne5 15. Nxe5 Qxe5 16. Be3 0-0 17. f4 Bxe3+ 18. Qxe3 Ng4 19. Qf3 Qc5+ 20. Kh1 Ne3 21. Qf2 Qa7 22. Rfc1 Bb7 23. Bb1 Ng4 24. Qxa7 Rxa7 25. Rf1 Bc6 26. g3 Rd7 27. Kg1 b4 28. Nd1 Rfd8 29. Bc2 Rd2 30. Rc1 Rxh2 31. Nf2 Rd2 32. Bd1 Rhxf2 33. Rxf2 Nxf2 34. Rxc4 Nxd1 35. Rxc6 Rxb2 36. Rxa6 Nc3 37. Rxe6 Rxa2 38. e5 b3 39. Rb6 b2 40. Rb8+ Kf7 41. Rb7+ Ke6 42. Rb6+ Kf5 43. Rb7 b1Q+ 44. Rxb1 Nxb1 45. Kf1 Nc3 46. Ke1 Ne4 47. Kf1 Nxg3+ 48. Ke1 Kxf4 49. e6 Nf5 50. Kd1 Ne7 51. Kc1 Ke3 52. Kb1 Rh2 53. Kc1 Kd3 54. Kb1 Kc3 55. Ka1 Kb3 0-1

[Event "BL2-Ost 9900"]
[Site "Germany"]
[Date "2000.01.09"]
[Round "4.2"]
[White "Kraeussling, Andreas"]
[Black "Kunze, Carlo"]
[Result "1/2-1/2"]
[WhiteElo "2355"]
[BlackElo "2355"]
[PlyCount "65"]
[EventDate "1999.10.10"]
[EventType "team-tourn"]
[EventRounds "9"]
[EventCountry "GER"]
[SourceTitle "CBM 074 Extra"]
[Source "ChessBase"]
[SourceDate "2000.03.10"]
[SourceVersion "2"]
[SourceVersionDate "2000.03.10"]
[SourceQuality "1"]
[WhiteTeam "Marktheidenfeld"]
[BlackTeam "Chemnitz USG"]
[WhiteTeamCountry "GER"]
[BlackTeamCountry "GER"]

1. d4 Nf6 2. c4 g6 3. Nc3 Bg7 4. e4 d6 5. Be2 0-0 6. Nf3 e5 7. dxe5 dxe5 8. Qxd8 Rxd8 9. Bg5 Re8 10. Nd5 Nxd5 11. cxd5 c6 12. Bc4 b5 13. Bb3 Bb7 14. 0-0-0 Nd7 15. dxc6 Bxc6 16. Bd5 Rac8 17. Kb1 Nc5 18. Rhe1 a6 19. Bxc6 Rxc6 20. Rd5 f6 21. Bd2 Rec8 22. Re2 Bf8 23. Ne1 Kf7 24. Nd3 Nxd3 25. Rxd3 Ke6 26. Rc3 Bc5 27. f3 Bd4 28. Rxc6+ Rxc6 29. Bb4 f5 30. exf5+ gxf5 31. Rc2 Rxc2 32. Kxc2 Kd5 33. b3 1/2-1/2

[Event "Bodensee-Cup 5th"]
[Site "Germany"]
[Date "1999.??.??"]
[Round "2.9"]
[White "Masserey, Yvan"]
[Black "Kraeussling, Andreas"]
[Result "1-0"]
[WhiteElo "2300"]
[BlackElo "2250"]
[PlyCount "69"]
[EventDate "1999.??.??"]
[EventType "team-tourn"]
[EventRounds "3"]
[EventCountry "GER"]
[SourceTitle "EXT 2001"]
[Source "ChessBase"]
[SourceDate "2000.11.22"]
[SourceVersion "1"]
[SourceVersionDate "2000.11.22"]
[SourceQuality "1"]
[WhiteTeam "Switzerland"]
[BlackTeam "Bayern Muenchen"]
[WhiteTeamCountry "SUI"]
[BlackTeamCountry "GER"]

1. e4 g6 2. d4 Bg7 3. Nc3 c6 4. f4 d5 5. e5 h5 6. Nf3 Nh6 7. Be3 Bg4 8. h3 Bxf3 9. Qxf3 h4 10. Bd3 e6 11. 0-0 Bf8 12. Ne2 Nf5 13. Bf2 Nd7 14. Kh2 Be7 15. b3 b5 16. c4 bxc4 17. bxc4 dxc4 18. Be4 Rc8 19. Bxc6 0-0 20. d5 exd5 21. Bxd5 Nb6 22. Be4 Qd7 23. Rad1 Qe6 24. Nc3 Ng3 25. Bxg3 hxg3+ 26. Qxg3 Rc5 27. Rd4 Rd8 28. Rxd8+ Bxd8 29. Qe3 Be7 30. Qd4 f6 31. Bxg6 fxe5 32. Qe4 Qf6 33. f5 Qc6 34. Qg4 Nd5 35. Be8+ 1-0

[Event "Bayern-chA 69th"]
[Site "Kaufbeuren"]
[Date "1998.09.05"]
[Round "8"]
[White "Kraeussling, Andreas"]
[Black "Jauernig, Udo"]
[Result "1/2-1/2"]
[WhiteElo "2315"]
[BlackElo "2245"]
[PlyCount "45"]
[EventDate "1998.08.29"]
[EventType "swiss"]
[EventRounds "9"]
[EventCountry "GER"]
[SourceTitle "EXT 2001"]
[Source "ChessBase"]
[SourceDate "2000.11.22"]
[SourceVersion "1"]
[SourceVersionDate "2000.11.22"]
[SourceQuality "1"]

1. e4 c5 2. Nf3 Nc6 3. Be2 d6 4. 0-0 Nf6 5. d3 e6 6. Re1 Be7 7. Bf1 0-0 8. c3 d5 9. Nbd2 b6 10. e5 Nd7 11. d4 a5 12. b3 cxd4 13. cxd4 Ba6 14. Bxa6 Rxa6 15. Qe2 Ra8 16. a3 Qc8 17. Bb2 Qb7 18. Nf1 Rac8 19. Rec1 Na7 20. Ne3 Rxc1+ 21. Rxc1 Rc8 22. Rc2 b5 23. Rxc8+ 1/2-1/2